000 00687nas a2200229 4500
001 BR7307592
003 BR-BrBNA
005 20231205100301.0
007 ta
008 230509b bl.|||p| |||| 00| 00por d
040 _aBR-BrBNA
_bpor
_cBiblioteca Nacional de Agricultura
041 _a(Pt)
072 _aM10
100 1 _aCoelho, R.R.
245 1 _aEfeitos da pesca sobre o pargo (Lutyanus purpureus, Poey)na costa do nordeste brasileiro
650 _aPesca
650 _aPargo Vermelho
650 _aNordeste
773 0 _tBoletim de Recursos Naturais (Brazil)
_x
_g(Jul 1974), v. 12(2) p. 47-67
_wBR7307592
909 _a202311
_bLúcia
_c55
_dLúcia Elande
942 _2AGRIS
_n0
_cANA
999 _c155139
_d155139